Half-Life 1 G-Man Speech - Statistics

General Stats
  • This quiz has been taken 59 times
  • The average score is 102 of 169
Answer Stats
Answer % Correct
Freeman
100%
a
94%
Gordon
94%
I
94%
you
91%
the
88%
The
88%
to
88%
flesh
79%
in
79%
of
79%
or
79%
your
79%
it
76%
suit
76%
weapons
76%
government
74%
hazard
74%
took
74%
Xen
74%
As
71%
as
71%
liberty
71%
Mister
71%
property
71%
rather
71%
Rather
71%
were
71%
an
68%
do
68%
for
68%
my
68%
relieving
68%
think
68%
time
68%
Time
68%
earned
65%
is
65%
me
65%
them
65%
you've
65%
You've
65%
most
62%
no
62%
borderworld
59%
employers
59%
offer
59%
control
56%
have
56%
our
56%
they
56%
They
56%
thanks
53%
that
53%
and
50%
being
50%
job
50%
so
50%
will
50%
work
50%
can
44%
chance
44%
piece
44%
well
44%
what
44%
am
41%
choose
41%
done
41%
I'm
41%
man
41%
nasty
41%
Quite
41%
see
41%
battle
38%
services
38%
there
38%
winning
38%
with
38%
any
35%
authorized
35%
impressed
35%
potential
35%
recommended
35%
after
32%
agree
32%
anticlimax
32%
here
32%
just
32%
limitless
32%
managed
32%
over
29%
portal
29%
survived
29%
take
29%
up
29%
why
29%
Wisely
29%
yourself
29%
decisive
26%
It's
26%
yes
26%
ahead
24%
deciding
24%
don't
24%
If
24%
into
24%
Otherwise
24%
proven
24%
step
24%
That's
24%
trouble
24%
expect
21%
you'll
21%
you're
21%
interested
18%
No matching quizzes found
Score Distribution
Percent of People with Each Score
Percentile by Number Answered
Your Score History
You have not taken this quiz